| 000 | 00870nam a22001817a 4500 | ||
|---|---|---|---|
| 999 |
_c59144 _d59144 |
||
| 003 | Ge_BSU | ||
| 005 | 20221130123118.0 | ||
| 008 | 221130s1978ge xxu||||| |||| 00| 0 geo d | ||
| 041 | _ageo | ||
| 080 | _a821.353.1-1+821.353.1-11+ 821.353.1-144 ფ-83 | ||
| 100 |
_aფორჩხიძე, შალვა, ავტ. _916243 |
||
| 245 |
_aეს შენ ხარ, შენ ხარ! _b [ლექსები. პოემები. ბალადები] / _cშალვა ფორჩხიძე, რედ.მ.ჯაფარიძე. |
||
| 264 |
_aთბილისი : _bმერანი, _c1978. |
||
| 300 |
_a421 გვ. : _b1 ფ. პორტრ. _c20 სმ. |
||
| 653 | _aლექსები. პოემები. ბალადები | ||
| 700 |
_aჯაფარიძე, მ _eრედაქტორი _94185 |
||
| 942 |
_2udc _cBK |
||